| 000 | 01480cam a2200337 a 4500 | ||
|---|---|---|---|
| 090 | _c0 | ||
| 001 | 12384470 | ||
| 005 | 20040707123748.0 | ||
| 008 | 010419s2001 nyua b 001 0 eng | ||
| 010 | _a 2001031716 | ||
| 020 | _a0071378340 | ||
| 040 |
_aDLC _cDLC _dDLC |
||
| 050 | 0 | 0 |
_aHG4026 _b.H436 2001 |
| 082 | 0 | 0 |
_a658.151 _221 _bHEL |
| 100 | 1 | _aHelfert, Erich A. | |
| 245 | 1 | 0 |
_aFinancial analysis : _btools and techniques : a guide for managers / _cErich A. Helfert. |
| 260 |
_aNew York : _bMcGraw-Hill, _cc2001. |
||
| 300 |
_axxiii, 485 p. : _bill. ; _c24 cm. |
||
| 500 | _aBased on: Techniques of financial analysis. 10th ed. c2000. | ||
| 504 | _aIncludes bibliographical references and index. | ||
| 650 | 0 |
_aCorporations _xFinance. |
|
| 650 | 0 | _aCash flow. | |
| 650 | 0 | _aFinancial statements. | |
| 650 | 0 | _aRatio analysis. | |
| 700 | 1 |
_aHelfert, Erich A. _tTechniques of financial analysis. |
|
| 856 | 4 | 2 |
_3Contributor biographical information _uhttp://www.loc.gov/catdir/bios/mh041/2001031716.html |
| 856 | 4 | 2 |
_3Publisher description _uhttp://www.loc.gov/catdir/description/mh024/2001031716.html |
| 942 |
_2ddc _cBB |
||
| 999 |
_c10561 _d10561 |
||